00351pab a2200145 454500008004000000100002100040245002500061260000900086300001300095362000800108650001500116650003000131650001800161773002600179180718b1997 xxu||||| |||| 00| 0 eng d aWoodhouse, Diana aThe Attorney General c1997 ap.97-108 aJan aAccounting aAdministration of Justice aLegal systems aParliamentary Affairs